| 000 | 00913 a2200265 4500 | ||
|---|---|---|---|
| 650 | 7 |
_991505 _aArchitecture _zAnkara (Turkey) _2etuesh |
|
| 999 |
_c200130009 _d31133 |
||
| 001 | 200130009 | ||
| 003 | TR-AnTOB | ||
| 005 | 20240924165948.0 | ||
| 008 | 130715s tu 000 0 | ||
| 040 |
_aTR-AnTOB _cTR-AnTOB |
||
| 041 | _atur | ||
| 050 |
_aHD7287.72.T9 _bT87 2013 |
||
| 090 | _aHD7287.72.T9 .T87 2013 | ||
| 245 | 0 |
_aTürkiye Cumhuriyeti'nin İlk Toplu Konutu Namık Kemal Mahallesi 1945-... / _cderl. Demir İnan. |
|
| 264 | 1 |
_aAnkara : _bHermes Tanımtım Ofset Ltd. Şti., _c2013. |
|
| 300 |
_a88 s. : _brenk. fotoğ. ; _c24 cm. |
||
| 650 | 0 |
_aMimari _zTürkiye _zAnkara _999896 |
|
| 650 | 0 |
_aKonut _xHukuk ve mevzuat _zTürkiye _933416 |
|
| 650 | 0 |
_aHousing _xLaw and legislation _zTurkey _933418 |
|
| 650 | 0 |
_aHousing, Cooperative _zTurkey _991506 |
|
| 650 | 0 |
_aKonut, Kooperatif _zTürkiye _991507 |
|
| 700 |
_aİnan, Demir _943718 |
||
| 942 |
_cBK _2lcc |
||